| 000 | 00378nam a2200169Ia 4500 | ||
|---|---|---|---|
| 008 | 221030s9999 xx 000 0 und d | ||
| 020 | _a812193172X | ||
| 041 | _aEnglish | ||
| 082 | _a105.23 | ||
| 100 | _aN. N. Jani | ||
| 245 | 0 | _aMobile Computing | |
| 260 |
_bS. Chand & Co. _aNew Delhi _c2009 |
||
| 300 | _a231 | ||
| 650 | _aIT | ||
| 700 | _aK. I. Lakhtaria | ||
| 942 | _cBK | ||
| 999 |
_c6494 _d6494 |
||